Marketing a elektronický obchod

Salvato in:
Dettagli Bibliografici
Autore principale: Szombathová, Andrea (Autore)
Natura: Manoscritto Libro
Lingua:slovacco
Pubblicazione: Bratislava : STU v Bratislave FCHPT, 2002
Edizione:Obháj.: 5.6.2002
Tags: Aggiungi Tag
Nessun Tag, puoi essere il primo ad aggiungerne!!

MARC

LEADER 00000ntm a22000003a 4500
001 stu76645
005 20150617225645.7
008 020715s2002----xo------------------slo-d
040 |a STU  |b slo 
041 0 |a slo 
044 |a xo 
100 1 |a Szombathová, Andrea  |4 aut 
245 1 |a Marketing a elektronický obchod 
250 |a Obháj.: 5.6.2002 
260 |a Bratislava :  |b STU v Bratislave FCHPT,  |c 2002 
300 |a 77 s. Tab.,grafy,lit 
500 |a Špec.: Manažment chemických a potravinárskych podnikov 
996 |b 284C026913  |c C*D13630  |l CCI  |s A  |a 24  |w stu76645_0001